000 00565nmm a2200169Ia 4500
008 251105s9999||||xx |||||||||||||||||und||
020 _a9788475228631
041 _aspa
100 _aMontauban, Jannine
245 0 _aEl ajuar de la vida picaresca : reproducción, genealogía y sexualidad en la novela picaresca espanola.
264 _a[Madrid, España] :
_bVisor Libros,
_c2003
300 _a145 páginas
490 _aBiblioteca Filológica Hispana
650 _aSpanish literature
856 _uhttps://public.digitaliapublishing.com/a/28192
942 _cCF
999 _c85037
_d85037